000 00578nam a2200205Ia 4500
003 OSt
005 20220927105016.0
006 a|||||r|||| 00| 0
007 ta
008 220926b |||||||| |||| 00| 0 eng d
024 _a152783
037 _cReference Collections
040 _aRTL
_cRTL
_beng
041 _2eng
_aeng
082 _a"X755.2.N6g, K8.2-3/RR"
245 0 _a"Directory of foreign Colloboration in India, V.11"
250 _aRev. ed
942 _h"X755.2.N6g, K8.2-3/RR"
_cCC
999 _c690181
_d690181